| 000 | 00930cab a2200193 4500 | ||
|---|---|---|---|
| 001 | ##L131490 | ||
| 008 | 051107n2005 000 0 eng u | ||
| 035 | _a(Sirsi) u131490 | ||
| 041 | 0 | _aeng | |
| 100 | 1 | _aFrench, Nick | |
| 245 | 0 | 0 | _aCompare notes |
| 260 | 3 | _c2005 | |
| 490 | 0 |
_aEstates Gazette _v(543) 29 October 2005, 184-185(2) |
|
| 520 | _aConcludes his "Mainly for students " article on valuation (see also L131339) with a discussion of good comparable evidence and why it matters. Considers the purpose of valuation which is the process of determining market value, estimating the price of exchange in the market place. Looks at the valuation report, listing the minimum contents as proscribed by Practice Statement PS 5.1 of the Red Book. Provides further reading. | ||
| 590 | _aIKA081105 | ||
| 650 | 2 | 4 | _aRICS appraisal and valuation standards |
| 690 | _aPROPERTY-PROPERTY VALUATION AND APPRAISAL | ||
| 942 | _n0 | ||
| 999 |
_c76118 _d76118 |
||